| Tag |
First Indicator |
Second Indicator |
Subfields |
| LEADER |
00000cam a2200000 4500 |
| 001 |
in00000026632 |
| 005 |
20151007062609.0 |
| 008 |
721221s1967 nyuc 00010aeng u |
| 010 |
|
|
|a 67015011
|
| 035 |
|
|
|a (OCoLC)00522652
|
| 035 |
|
|
|9 AAD5313AM
|
| 040 |
|
|
|c AKR
|d OCL
|d TXA
|d UtOrBLW
|
| 049 |
|
|
|a TXAM
|c 1 [A01266054], 2 [A11664123]
|
| 050 |
0 |
0 |
|a PS3545.I6245
|b Z533
|
| 100 |
1 |
|
|a Wilson, Edmund,
|d 1895-1972.
|
| 245 |
1 |
2 |
|a A prelude ;
|b landscapes, characters and conversations from the earlier years of my life.
|
| 264 |
|
1 |
|a New York :
|b Farrar, Straus and Giroux,
|c [1967]
|
| 300 |
|
|
|a v, 278 pages :
|b portraits ;
|c 20 cm.
|
| 336 |
|
|
|a text
|b txt
|2 rdacontent
|
| 337 |
|
|
|a unmediated
|b n
|2 rdamedia
|
| 338 |
|
|
|a volume
|b nc
|2 rdacarrier
|
| 505 |
0 |
|
|a First trip to Europe, 1908.-- Family.-- School and college friends.-- Princeton, 1912-1916.-- Plattsburgh, summer of 1916.-- New York, 1916-1917.--The Army, 1917-1919.
|
| 999 |
|
|
|a MARS
|
| 999 |
f |
f |
|s a1da3a66-8118-3023-abd2-ea87a3a73304
|i e11dd57c-213e-3ffe-91bc-d83e6fc4595c
|t 0
|
| 952 |
f |
f |
|p ric
|a Texas A&M University
|b Rellis Campus
|c Joint Library Facility
|s JLF
|d Remote Storage
|t 0
|e PS3545.I6245 Z533
|h Library of Congress classification
|i unmediated -- volume
|m A14801266054
|
| 998 |
f |
f |
|a PS3545.I6245 Z533
|t 0
|l Remote Storage
|